| 000 | 00000nam##2200000za#4500 |
| 001 | 9.599621 |
| 003 | CaOODSP |
| 005 | 20240501092931 |
| 007 | cr ||||||||||| |
| 008 | 150406|2001||||xxc|||||o f|0| 0 fre|d |
| 040 | |aCaOODSP|bfre |
| 043 | |an-cn--- |
| 086 | 1 |aPS83-3/107F-PDF |
| 110 | 2 |aService correctionnel Canada. |
| 245 | 10|aLes mouvements de la population carcérale sous responsabilité fédérale : |h[ressource électronique]|betude sur les placements dans les établissements à sécurité minimale / |c[par] Laurence L. Motiuk ... [et al]. |
| 260 | |bService correctionnel Canada |cMars 2001. |
| 300 | |a52p.|btableaux |
| 490 | 1 |aRapport de recherche|vR-107 |
| 590 | |a10-14-Supp|b2010-12-03 |
| 720 | 1 |aMotiuk, Laurence L. |
| 720 | 1 |aSerin, Ralph C. |
| 720 | 1 |aLuciani, Fred |
| 720 | 1 |aVuong, Ben |
| 775 | 08|tFederal offender population movement : |w(CaOODSP)9.568330 |
| 830 | #0|aRapport de recherche (Service correctionnel Canada. Direction de la recherche)|vR-107|w(CaOODSP)9.502465 |
| 856 | 40|ahttp://publications.gc.ca|qPDF|s177 Ko|uhttps://publications.gc.ca/collections/collection_2010/scc-csc/PS83-3-107-fra.pdf|yR-107 |